000 00598nam a2200241Ia 4500
003 OSt
005 20221007073323.0
006 a|||||r|||| 00| 0
007 ta
008 221006b |||||||| |||| 00| 0 eng d
024 _a8,287
037 _cTextual
040 _aFLL
_cFLL
_beng
041 _2eng
_aeng
082 _aZ2,3, N9
100 _aAvtar Singh
245 0 _aLaw of contract ,1872
250 _a7th
260 _aLucknow
_bEastern Book Comp. India
_c1999
300 _acxii,672p
_ccm.
942 _hZ2,3, N9
_cTEXL
_2CC
999 _c1148338
_d1148338